| 000 | 00553 a2200181 4500 | ||
|---|---|---|---|
| 003 | Nust | ||
| 005 | 20170207170053.0 | ||
| 040 | _cNust | ||
| 082 | _a621.388 | ||
| 100 | _aVaiyani agencies | ||
| 245 |
_aTelevision circuit diagrams _cVaiyani agencies |
||
| 250 | _avol 2 | ||
| 260 |
_aKarachi _bVaiyani agencies |
||
| 300 | _a52p | ||
| 505 | _a1.Colour television(page 19)2.Black and white Model TR 602EE(page 16)3.VCR.KRYW..........Model VS9500/HR3300.........(page 31-44) | ||
| 538 | _aAlmirah No.40 Shelf No.5 | ||
| 650 | _aTelevision circuit diagrams | ||
| 942 |
_2ddc _cBK |
||
| 999 |
_c213869 _d213869 |
||